00499 a2200229 4500260001000000630001800010037001200028650003900040100002400079260001100103245002800114300001000142650001400152260000900166300001200175100000700187440001800194037001100212037001100223250001700234020001800251 aParis a57 - Biologie b2, CUIF a5 - SCIENCES EXACTES ET NATURELLES aWeil, Jacques-Henry bDunod  aBiochimie générale  a655p. aBiochimie c2001 b25 cm.  lFr aSciences sup. aS 7472 aS 7473 a9ème éd. a2 10 005345 0